000
00326nam a2200133Ia 4500
008
220216s9999 xx 000 0 und d
100
_a
Herbette H
245
4
_a
The meaning of American natural rubber program
260
_b
Planter
_c
1951
300
_a
536-537
650
_a
America
650
_a
Natural rubber
942
_c
JS
999
_c
70844
_d
70844